| 000 | 00894nam a2200217 a 4500 | ||
|---|---|---|---|
| 003 | 0 | ||
| 005 | 20250415135108.0 | ||
| 008 | 970101s19uu xx 00 eng d | ||
| 050 |
_aPGS RJ 506.D68 _b.F349 2004 |
||
| 100 | _aFerenal, Arienne Mae A. | ||
| 245 |
_aAttitude and perceptions of Grade six students to children with down syndrome SY 2003-2004 / _cArienne Mae A. Ferenal. |
||
| 260 |
_aLas PiƱas City, Philippines : _bSouthville International School and Colleges, _c2004. |
||
| 300 |
_a33 pages : _billustrations ; _c28 cm. |
||
| 504 | _aIncludes bibliographical references. | ||
| 650 |
_aDown syndrome _vJuvenile literature. |
||
| 650 |
_aChildren with disabilities _vSocial acceptance. |
||
| 650 |
_aStudents _vAttitudes toward disabilities. |
||
| 650 |
_aInclusive education _vElementary level. |
||
| 650 |
_aPeer relationships _vGrade school children. |
||
| 942 |
_2lcc _cPASS |
||
| 999 |
_c96978 _d96978 |
||